000 00838nam a2200265 i 4500
001 bg
100 1 _aICHA, Andrzej
245 1 0 _aProblemy teorii turbulencji /
_cAndrzej Icha ; Polska Akademia Nauk. Instytut Oceanologii w Sopocie.
260 _aSopot :
_bPAN IO,
_c1999.
300 _a89 s. ;
_c24 cm.
490 1 _aRozprawy i Monografie / Instytut Oceanologii,
_x0866-9988 ;
_v10
500 _aStreszcz. ang.
504 _aBibliogr. s. 77-83. - Indeks.
650 9 _aHydrodynamika
_xzagadnienia
650 9 _aTurbulencja
_xteoria
650 9 _aOśrodki ciągłe
_xmechanika
830 0 _aRozprawy i Monografie (Instytut Oceanologii) ;
_v10
020 _a8390055597
040 _cBPK
041 0 _apl
_ben
080 _a532.5:539.3/.6
920 _a83-900555-9-7
942 _cKS
008 s pl f |000 0 pol
999 _c36614
_d36614
856 _uhttp://koha.tu.koszalin.pl/cgi-bin/koha/opac-detail.pl?biblionumber=36614
_yKatalog online BPK